logo

Bir Sreshtho Munshi Abdur Rouf Library
Jhenaidah Cadet College

The Building of the First kTranscontinental Railroad / (Record no. 4866)

MARC details
000 -LEADER
fixed length control field 00570nam a2200217 a 4500
001 - CONTROL NUMBER
JCCL Control Number 4866
003 - CONTROL NUMBER IDENTIFIER
JCCL marc code BD-JhCC
005 - DATE AND TIME OF LATEST TRANSACTION
control field 20171204190634.0
008 - FIXED-LENGTH DATA ELEMENTS--GENERAL INFORMATION
fixed length control field 171204s1950 usaa|||| ||a| 000 0 eng d
035 ## - SYSTEM CONTROL NUMBER
system control number (BD-JhCC)4866
040 ## - CATALOGING SOURCE
Original cataloging agency BD-JhCC
Modifying agency BD-JhCC
041 ## - LANGUAGE CODE
Language code of Book eng
082 ## - DEWEY DECIMAL CLASSIFICATION NUMBER
Classification number 823.914
Author mark and Year NAT 1950
100 ## - MAIN ENTRY--PERSONAL NAME
Personal name Nathan, Adele
245 ## - TITLE STATEMENT
Title The Building of the First kTranscontinental Railroad /
Statement of responsibility, etc Adele Nathan
260 ## - PUBLICATION, DISTRIBUTION, ETC. (IMPRINT)
Place of publication, distribution, etc Chicago :
Name of publisher, distributor, etc Spencer Press, INC,
Date of publication, distribution, etc 1950.
300 ## - PHYSICAL DESCRIPTION
Pagination 180 p. :
Dimensions 21 cm.
Other physical details illu;
650 ## - SUBJECT ADDED ENTRY--TOPICAL TERM
Topical term or geographic name as entry element Stories
942 ## - ADDED ENTRY ELEMENTS (KOHA)
Source of classification or shelving scheme Dewey Decimal Classification
Koha item type Books
Holdings
Source of classification or shelving scheme Damaged status Not for loan Home library Current library Shelving location Date of accession Total Checkouts Full call number Barcode Date last seen Copy number Koha item type
Dewey Decimal Classification     JCC Rouf Library JCC Rouf Library General Stacks 12/04/2017   823.914 NAT 1950 6026 12/04/2017 C - 1 Books

JCC Library | Contacts | JCC Home

Last Update on 23 September 2017
Copyright @ 2017-2020 JCC Rouf Library
Rouf Library, Jhenidah Cadet College (JCC), Bangladesh